[Event "Brasilia JEBS op"]
[Site "Brasilia"]
[Date "2023.10.29"]
[Round "4"]
[White "Teles, Wiliams Alves"]
[Black "E Silva, Bernardo Caio C"]
[Result "1-0"]
[WhiteElo "1817"]
[BlackElo "1123"]
[PlyCount "91"]
[EventDate "2023.10.28"]
[EventType "swiss"]
[EventRounds "6"]
[EventCountry "BRA"]
[SourceTitle "Mega2024 Update 01"]
[Source "Chessbase"]
[SourceDate "2023.11.12"]
[SourceVersion "1"]
[SourceVersionDate "2023.11.12"]
[SourceQuality "1"]

1. e4 e5 2. Nf3 Nc6 3. Bc4 Nf6 4. Ng5 d5 5. exd5 Nxd5 6. Nxf7 Kxf7 7. Qf3+ Ke6 8. Nc3 Ncb4 9. 0-0 c6 10. d4 Qf6 11. Qe2 Bd6 12. f4 Rf8 13. Ne4 Qe7 14. Qg4+ Kf7 15. Nxd6+ Qxd6 16. fxe5+ Kg8 17. exd6 Rxf1+ 18. Kxf1 Bxg4 19. c3 Nc2 20. Rb1 Kf8 21. Kf2 Re8 22. Bd3 Nce3 23. c4 Nd1+ 24. Kg3 N5e3 25. d7 Bxd7 26. b3 Bf5 27. Bxf5 Nxf5+ 28. Kf4 Nxd4 29. Ba3+ Kg8 30. Rxd1 Rd8 31. Ke4 Ne6 32. Rxd8+ Nxd8 33. Ke5 Kf7 34. Kd6 Ke8 35. Kc7 a6 36. Bb2 g6 37. Bf6 Ne6+ 38. Kxb7 Nc5+ 39. Kxc6 Nd3 40. Kd6 Nc1 41. c5 Nxa2 42. c6 Nc1 43. c7 Nxb3 44. c8Q+ Kf7 45. Qe6+ Kf8 46. Qe7+ 1-0

[Event "Manaus op 2nd"]
[Site "Manaus"]
[Date "2023.10.17"]
[Round "9"]
[White "Lisboa, Erico Fagundes Anic"]
[Black "Teles, Wiliams Alves"]
[Result "1-0"]
[WhiteElo "1604"]
[BlackElo "1817"]
[PlyCount "37"]
[EventDate "2023.10.11"]
[EventType "swiss"]
[EventRounds "9"]
[EventCountry "BRA"]
[SourceTitle "Mega2024 Update 01"]
[Source "Chessbase"]
[SourceDate "2023.11.12"]
[SourceVersion "1"]
[SourceVersionDate "2023.11.12"]
[SourceQuality "1"]

1. d4 Nf6 2. c4 e6 3. Nc3 c5 4. d5 exd5 5. cxd5 d6 6. e4 Nbd7 7. Nf3 Ng4 8. Bf4 h6 9. h3 g5 10. Bg3 Nge5 11. Bb5 f6 12. Nxe5 fxe5 13. Qh5+ Ke7 14. h4 Bg7 15. 0-0-0 Nf6 16. Qg6 Rh7 17. hxg5 hxg5 18. Rxh7 Nxh7 19. Qxg7# 1-0

[Event "Manaus op 2nd"]
[Site "Manaus"]
[Date "2023.10.15"]
[Round "7"]
[White "Mendes, Paulo Victor Penafo"]
[Black "Teles, Wiliams Alves"]
[Result "0-1"]
[WhiteElo "1312"]
[BlackElo "1817"]
[PlyCount "74"]
[EventDate "2023.10.11"]
[EventType "swiss"]
[EventRounds "9"]
[EventCountry "BRA"]
[SourceTitle "Mega2024 Update 01"]
[Source "Chessbase"]
[SourceDate "2023.11.12"]
[SourceVersion "1"]
[SourceVersionDate "2023.11.12"]
[SourceQuality "1"]

1. c4 e5 2. Nc3 Nf6 3. e4 c5 4. Nf3 Nc6 5. b3 Nd4 6. Be2 d6 7. h3 Nxf3+ 8. Bxf3 Be7 9. d3 h6 10. Qe2 a6 11. Nd5 Nxd5 12. exd5 0-0 13. 0-0 Re8 14. a4 Bg5 15. Bg4 Bxc1 16. Bxc8 Rxc8 17. Rfxc1 Qh4 18. Rab1 e4 19. Qd2 Qg5 20. Qxg5 hxg5 21. Rd1 e3 22. fxe3 Rxe3 23. b4 Re7 24. d4 cxd4 25. Rxd4 Rec7 26. c5 dxc5 27. bxc5 Rd8 28. d6 Rcd7 29. g3 f5 30. Rd5 Rf7 31. g4 fxg4 32. hxg4 Rf4 33. Rxb7 Rxg4+ 34. Kf2 Rf8+ 35. Ke3 Rg3+ 36. Kd4 Rf4+ 37. Ke5 Re3# 0-1

[Event "Manaus op 2nd"]
[Site "Manaus"]
[Date "2023.10.12"]
[Round "2"]
[White "Santos, Alan Gomes Florenci"]
[Black "Teles, Wiliams Alves"]
[Result "0-1"]
[WhiteElo "1626"]
[BlackElo "1817"]
[PlyCount "58"]
[EventDate "2023.10.11"]
[EventType "swiss"]
[EventRounds "9"]
[EventCountry "BRA"]
[SourceTitle "Mega2024 Update 01"]
[Source "Chessbase"]
[SourceDate "2023.11.12"]
[SourceVersion "1"]
[SourceVersionDate "2023.11.12"]
[SourceQuality "1"]

1. d4 d5 2. Nf3 Nf6 3. c4 e6 4. cxd5 exd5 5. Bg5 Be7 6. Bxf6 Bxf6 7. Nc3 Nc6 8. e3 a6 9. Qb3 Ne7 10. Bd3 b5 11. 0-0 0-0 12. Qc2 g6 13. Rfe1 Bf5 14. a3 Bxd3 15. Qxd3 Re8 16. Rac1 Qd7 17. Red1 Nc6 18. Qc2 Na5 19. Ne2 Rac8 20. Ne5 Bxe5 21. dxe5 Nc4 22. a4 Nxe5 23. axb5 axb5 24. Nd4 c6 25. e4 c5 26. Nxb5 Qxb5 27. Rxd5 Qb4 28. f4 Ng4 29. Rxc5 Qd4+ 0-1